Maison Targaryen - Membres par images - Statistiques

Statistiques générales
  • Ce quiz a été pris 57 fois
  • Le résultat moyen est 13 sur 16
Statistiques - réponses
Par images Réponse % Correct
Jon Snow / Aegon Targaryen
100%
Daenerys Targaryen
98%
Daemon Targaryen
93%
Viserys Targaryen
93%
Viserys I Targaryen
90%
Aegon II Targaryen
88%
Aegon Targaryen / « l’Œuf »
88%
Rhaenyra Targaryen
83%
Aemond Targaryen
81%
Rhaenys Targaryen
76%
Baelor Targaryen
74%
Maekar Targaryen
71%
Aerion Targaryen
67%
Helaena Targaryen
64%
Daeron Targaryen
55%
Valarr Targaryen
48%
Aucun quiz correspondant
Distribution des résultats
% des personnes avec chaque résultat
Percentile par nombre de réponses
Votre historique - résultats
Vous n’avez pas pris ce quiz